[Event "67th Moscow Blitz 2013"]
[Site "Moscow RUS"]
[Date "2013.09.01"]
[Round "15"]
[White "Karjakin,Sergey"]
[Black "Belous,V"]
[Result "1-0"]
[WhiteElo "2772"]
[BlackElo "2554"]

1.e4 c5 2.Nf3 Nc6 3.Nc3 g6 4.Bb5 Nd4 5.Ba4 Bg7 6.O-O e6 7.Nxd4 cxd4 8.Ne2 Ne7
9.d3 O-O 10.f4 b6 11.Qe1 d6 12.Bb3 Nc6 13.Ng3 Re8 14.f5 Ne5 15.Qf2 Qd7 16.f6 Bh8
17.Qxd4 Bb7 18.h3 Qd8 19.Qf2 Rc8 20.Bg5 Nd7 21.Rae1 Rc5 22.h4 h6 23.Bxh6 Bxf6
24.d4 Ra5 25.Bg5 Bxg5 26.Qxf7+ Kh8 27.hxg5 Rxg5 28.Re3 Qe7 29.Ne2 Qxf7 30.Rxf7 Bc8
31.Nf4 Nf8 32.Rc3 Rg4 33.Rcc7 Bd7  1-0

[Event "15th Trieste Open"]
[Site "Trieste ITA"]
[Date "2013.09.01"]
[Round "3"]
[White "Srebrnic,V"]
[Black "Franca,Veronika"]
[Result "1/2-1/2"]
[WhiteElo "2202"]
[BlackElo "1927"]

1.e4 c5 2.Nc3 Nc6 3.Bb5 Nd4 4.Bc4 g6 5.Nf3 Bg7 6.Nxd4 cxd4 7.Ne2 d6 8.c3 dxc3
9.dxc3 Nf6 10.f3 O-O 11.Be3 Bd7 12.Qd2 b5 13.Bb3 Qc7 14.O-O Rfc8 15.Rfd1 Qb7
16.Nf4 Bc6 17.Rac1 Nd7 18.Nd3 Nb6 19.Bd4 Nc4 20.Bxc4 bxc4 21.Nf2 Rab8 22.Rb1 Ba4
23.Rdc1 a5 24.Bxg7 Kxg7 25.Qd4+ f6 26.b4 Be8 27.a3 Bf7 28.Rd1 Qb5 29.Ra1 Rc7
30.a4 Qb6 31.Qxb6 Rxb6 32.b5 e5 33.Ng4 Be6 34.Ne3 Rc5 35.Rd2 Kf7 36.Rad1 Ke7
37.Nd5+ Bxd5 38.Rxd5 Rxd5 39.Rxd5 Ke6 40.Kf2 Ke7 41.Ke3 Ke6 42.Rd2 Rb8 43.g3 Rb7
44.f4 Rb6 45.Rf2 Ke7 46.fxe5 fxe5 47.g4 Rb7 48.g5 Ke8 49.Rf6 Ke7 50.h4 Rd7
51.h5 gxh5 52.Rh6 Kd8 53.Rxh5 Kc7 54.Kf3 Rf7+ 55.Kg3 Kb6 56.Rh6 Kc5 57.Rf6 Rc7
58.Kf3 Ra7 59.Rf8 Rc7 60.Ke3 Rg7 61.Rf5 Rg6 62.Kf3 h6 63.Kg4 hxg5 64.Rxg5 Rf6
65.Rf5 Rg6+ 66.Kf3 Rh6 67.Kg3 Rg6+ 68.Kf2 Rg4 69.Rf8 Rxe4 70.Rc8+ Kd5 71.Ra8 Rh4
72.Rxa5 Rh3 73.b6+ Kc6 74.Rb5 Kb7 75.a5 Rxc3 76.a6+ Kxa6 77.b7 Kxb5 78.b8=Q+ Kc5
79.Qa7+ Kd5 80.Qa5+ Kd4 81.Qb4 Kd5 82.Ke2 Rb3 83.Qa5+ Ke4 84.Qa6 Kd5 85.Kd2 Rd3+
86.Kc2 e4 87.Qb7+ Kd4 88.Qg7+ Ke3 89.Qg1+ Ke2 90.Qg2+ Ke3 91.Qg3+ Ke2 92.Qh2+ Ke3
93.Qh6+ Ke2 94.Qh5+ Ke3 95.Qg5+ Ke2 96.Qh5+ Ke3 97.Qg5+  1/2-1/2

[Event "TCh-SRB 1st League 2013"]
[Site "Kragujevac SRB"]
[Date "2013.09.02"]
[Round "10.4"]
[White "Sarenac,I"]
[Black "Pap,M"]
[Result "0-1"]
[WhiteElo "2385"]
[BlackElo "2488"]

1.e4 c5 2.Nc3 Nc6 3.Bb5 Nd4 4.Nf3 Nxb5 5.Nxb5 d6 6.d4 Nf6 7.e5 dxe5 8.dxe5 Qxd1+
9.Kxd1 Nd5 10.c4 a6 11.cxd5 axb5 12.Ke2 b6 13.Rd1 Bb7 14.Bf4 e6 15.d6 h6
16.b4 Ra4 17.a3 Kd7 18.Be3 g5 19.bxc5 bxc5 20.Bxc5 Bg7 21.Bb4 Bd5 22.h3 Rc8
23.Rac1 Raa8 24.Ke3 Bxf3 25.Kxf3 Bxe5 26.Kg4 Rc4+ 27.Rxc4 bxc4 28.Rc1 Rc8
29.Kh5 Bg7 30.g3 c3 31.Rc2 Rc4 32.g4 Kc6 33.f3 Kd7 34.h4 Bf6 35.f4 gxh4 36.g5 hxg5
37.fxg5 Be5 38.Rf2 Rf4 39.Re2 Bxd6 40.Bxc3 h3 41.Bb4 h2 42.Re1 Bc7 43.Rh1 Rf3
44.Kh4 Be5 45.Bc5 Kc6 46.Be7 Kd5 47.Rd1+ Bd4 48.Bf6 e5 49.a4 Ra3 50.g6 fxg6
51.Kg5 Rg3+  0-1

[Event "78th ch-ESP 2013"]
[Site "Linares ESP"]
[Date "2013.09.02"]
[Round "5.7"]
[White "Navarro Lopez Menchero,D"]
[Black "Anton Guijarro,D"]
[Result "0-1"]
[WhiteElo "2318"]
[BlackElo "2570"]

1.e4 c5 2.Nf3 Nc6 3.Nc3 d6 4.d4 cxd4 5.Nxd4 e5 6.Nf5 Bxf5 7.exf5 Qd7 8.g4 h5
9.f3 Be7 10.Be3 Bh4+ 11.Bf2 Bxf2+ 12.Kxf2 O-O-O 13.Nd5 Kb8 14.Bb5 a6 15.Ba4 hxg4
16.fxg4 Nf6 17.Nxf6 gxf6 18.c3 d5 19.Qf3 Qc7 20.Bxc6 bxc6 21.Kg2 c5 22.Rad1 d4
23.h4 e4 24.Qg3 Qe5 25.Rhe1 e3 26.Rd3 a5 27.cxd4 cxd4 28.Qf3 Ka7 29.Rb3 Rb8
30.h5 Rxb3 31.axb3 Rc8 32.h6 Rc2+ 33.Re2 d3 34.Rxc2 dxc2 35.h7 c1=Q 36.h8=Q Qcxb2+
37.Kg1 Qc1+ 38.Kg2 Qd2+ 39.Kg1 Qa1+ 40.Qd1 Qd8  0-1

[Event "12th Kesarovski Mem"]
[Site "Sunny Beach BUL"]
[Date "2013.09.02"]
[Round "3.9"]
[White "Petrov,Marij"]
[Black "Nikolov,Sas"]
[Result "1-0"]
[WhiteElo "2489"]
[BlackElo "2382"]

1.e4 c5 2.Nc3 Nc6 3.Bb5 g6 4.Bxc6 dxc6 5.d3 Bg7 6.Be3 b6 7.Qd2 h5 8.f4 Nf6
9.Nf3 Ng4 10.Bg1 Qc7 11.h3 Nf6 12.O-O-O h4 13.Be3 Nh5 14.Rhe1 Ng3 15.Qf2 Bxc3
16.bxc3 Be6 17.Nxh4 Rxh4 18.Qxg3 Rh7 19.Kb2 O-O-O 20.Qf3 f6 21.Bf2 Rdh8 22.c4 Qd7
23.a4 Kb7 24.a5 Ra8 25.Rb1 Kc8 26.g4 Qb7 27.f5 gxf5 28.exf5 Bd7 29.h4 Qa6
30.Bg3 Qxa5 31.Qf4 b5 32.Ra1 Qb6 33.cxb5 a5 34.g5 cxb5 35.g6 Rh8 36.Rxe7 c4
37.g7 Rg8 38.Qe4 Ra7 39.Qd5 c3+ 40.Kxc3  1-0

[Event "13th Zug Young Masters"]
[Site "Zug SUI"]
[Date "2013.09.02"]
[Round "7.5"]
[White "Georgiadis,N"]
[Black "Schiendorfer,E"]
[Result "1/2-1/2"]
[WhiteElo "2396"]
[BlackElo "2392"]

1.e4 c5 2.Nc3 Nc6 3.Nge2 d6 4.d4 cxd4 5.Nxd4 Nf6 6.Bg5 g6 7.Bxf6 exf6 8.Bb5 Bd7
9.Nde2 Be6 10.Qd2 a6 11.Ba4 Bg7 12.Nf4 O-O 13.O-O f5 14.Bxc6 bxc6 15.Rad1 Rb8  1/2-1/2

[Event "78th ch-ESP 2013"]
[Site "Linares ESP"]
[Date "2013.09.04"]
[Round "7.12"]
[White "Andres Gonzalez,I"]
[Black "Espinosa Aranda,A"]
[Result "1-0"]
[WhiteElo "2311"]
[BlackElo "2392"]

1.e4 c5 2.Nc3 Nc6 3.Bb5 Nd4 4.Nf3 a6 5.Bd3 Nc6 6.Be2 e5 7.d3 Be7 8.Nd5 Nf6
9.O-O d6 10.Nxf6+ Bxf6 11.Be3 O-O 12.c3 Re8 13.Qd2 b5 14.Bd1 Bb7 15.a4 Rc8
16.h3 b4 17.c4 Rc7 18.Nh2 h6 19.g3 Bc8 20.Kg2 a5 21.b3 Bg5 22.h4 Bxe3 23.fxe3 Rf8
24.Bg4 Bxg4 25.Nxg4 Qd7 26.Qe2 Ne7 27.Rf2 f5 28.Raf1 h5 29.Nh2 g6 30.Nf3 Rcc8
31.Ng5 Kg7 32.Rf3 Rf6 33.exf5 gxf5 34.R3f2 Kg6 35.e4 Rcf8 36.exf5+ Rxf5 37.Qe4 Kh6
38.Kg1 Kg6 39.Rf3 Kh6 40.Kh2 Kg6 41.g4 hxg4 42.Qxg4 Kh6 43.Rg1 Ng6 44.Ne4 Qf7
45.Nxd6 Nf4 46.Nxf7+ R8xf7 47.Rxf4  1-0

[Event "12th Izmir Open"]
[Site "Izmir TUR"]
[Date "2013.09.05"]
[Round "5.18"]
[White "Karatas,Kursat"]
[Black "Ataman,A"]
[Result "0-1"]
[WhiteElo "1793"]
[BlackElo "2131"]

1.e4 c5 2.Nc3 Nc6 3.Bb5 Nd4 4.Bc4 e6 5.Nge2 a6 6.d3 Nf6 7.Bg5 d6 8.f4 Be7
9.Nxd4 cxd4 10.Ne2 d5 11.Bxf6 Bxf6 12.Bb3 Qb6 13.e5 Bh4+ 14.g3 Be7 15.O-O Bd7
16.Kg2 g6 17.Ng1 O-O-O 18.Nf3 h6 19.Qd2 a5 20.a4 Kb8 21.Rfb1 Rhg8 22.h4 Rc8
23.Rh1 Rg7 24.Kf2 f5 25.Rag1 Rf8 26.Rg2 Qd8 27.Ke1 Bb4 28.c3 dxc3 29.bxc3 Bc5
30.d4 Be7 31.Kf2 g5 32.hxg5 hxg5 33.Rgh2 gxf4 34.gxf4 Rfg8 35.Rg1 Rg4 36.Rhg2 Bh4+
37.Kf1 Bg3 38.Bd1 Bxf4 39.Qxf4 Rxf4 40.Rxg8 Be8 41.Ke2 Ka7 42.Kd2 Qe7 43.R1g7 Bf7
44.Ng5 Qa3 45.Rxf7 Qb2+ 46.Kd3 Rf1 47.Bh5 Rf2 48.Nf3 Qe2+  0-1

[Event "TCh-ROU 2013"]
[Site "Mamaia ROU"]
[Date "2013.09.05"]
[Round "6.3"]
[White "Thesing,M"]
[Black "Fedorov,Alex"]
[Result "0-1"]
[WhiteElo "2383"]
[BlackElo "2567"]

1.e4 c5 2.Nc3 Nc6 3.Nf3 g6 4.Bb5 Bg7 5.O-O e5 6.d3 Nge7 7.a3 O-O 8.Bc4 h6
9.b4 d6 10.bxc5 dxc5 11.Nd5 Be6 12.Be3 Nxd5 13.exd5 Bxd5 14.Bxc5 Re8 15.Nd2 e4
16.Rb1 exd3 17.cxd3 Qg5 18.Nf3 Qf5 19.Be3 b6 20.Rb5 Bxf3 21.Rxf5 Bxd1 22.Bxf7+ Kh7
23.Bxe8 Rxe8 24.Rf7 Ba4 25.Rc1 Re6 26.h4 Kg8 27.Rd7 Bf8 28.Rc4 Ne5  0-1

[Event "Satka Autumn 2013"]
[Site "Satka RUS"]
[Date "2013.09.08"]
[Round "6"]
[White "Bauyrzhan,Arnash"]
[Black "Krotiuk,Daria"]
[Result "0-1"]
[WhiteElo "1904"]
[BlackElo "1907"]

1.e4 c5 2.Nf3 Nc6 3.Nc3 g6 4.d4 cxd4 5.Nxd4 Bg7 6.Be3 d6 7.Be2 Nf6 8.h3 a6
9.O-O O-O 10.a4 Bd7 11.Nb3 a5 12.f4 Rc8 13.Qd2 Be6 14.Nc1 Nb4 15.Nd3 Rxc3
16.bxc3 Nxe4 17.Qc1 Na2 18.Qe1 Bxc3 19.Qh4 Bxa1 20.Rxa1 Nac3 21.Bf3 Qc7 22.Bd4 Qc4
23.Bb6 Nd5 24.Qe1 Nxb6 25.Bxe4 d5 26.Bf3 Qxc2 27.Ne5 Qc5+ 28.Kh1 Rb8 29.g4 Nc4
30.f5 Bc8 31.Nxc4 dxc4 32.Rd1 Qc7 33.Qe3 b6 34.f6 Bb7 35.fxe7 Bxf3+ 36.Qxf3 Qxe7
37.Qf4 Rc8 38.Rc1 c3 39.g5 Qb4 40.Qf6 c2 41.Rf1 Qe4+ 42.Kh2 Qe2+ 43.Kh1 Qxf1+
44.Qxf1 c1=Q  0-1

[Event "12th Kesarovski Mem"]
[Site "Sunny Beach BUL"]
[Date "2013.09.08"]
[Round "9.7"]
[White "Trent,L"]
[Black "Tilicheev,V"]
[Result "1-0"]
[WhiteElo "2429"]
[BlackElo "2415"]

1.e4 c5 2.Nc3 Nc6 3.Bb5 g6 4.Bxc6 dxc6 5.f4 Bg7 6.Nf3 Nf6 7.O-O O-O 8.Qe1 Nd7
9.d3 Re8 10.f5 Ne5 11.Kh1 e6 12.fxg6 fxg6 13.Nxe5 Bxe5 14.Bh6 Bd7 15.Nd1 Qe7
16.Ne3 Bg7 17.Bxg7 Qxg7 18.Qg3 e5 19.h4 h6 20.Rf3 Rf8 21.Raf1 Rxf3 22.Rxf3 Rf8
23.Rxf8+ Kxf8 24.Nc4 Be8 25.Nxe5 Ke7 26.Nf3 c4 27.Qe5+ Qxe5 28.Nxe5 cxd3
29.Nxd3 Kf6 30.Kg1 g5 31.hxg5+ Kxg5 32.Kf2 Kg4 33.g3 Kg5 34.c4 Bf7 35.b3 Be6
36.c5 h5 37.Kf3 Bg4+ 38.Ke3 Be6 39.Nf2 b6 40.Kd4 Bg8 41.cxb6 axb6 42.Ke5 c5
43.Kd6 c4 44.bxc4 Bxc4 45.a3 b5 46.Kc5 Be2 47.Kd5 Bf1 48.Kd4 Be2 49.Ke3 Bc4
50.Kf3 Be6 51.Nd3 Bg4+ 52.Ke3 Bc8 53.Ne5 Bb7 54.Kf3 Bc8 55.Nf7+ Kf6 56.Nd6 Bg4+
57.Kf4 Be2 58.Nf5 Bd3 59.Nd4 Kg6 60.e5 Bc4 61.Nf5 Be6 62.Nh4+ Kh6 63.Nf5+ Kg6
64.Ne3 Kh6 65.Nc2 Kg6 66.Nb4 Kh6 67.Na6 Kg6 68.Nc5 Bc4 69.Nd7 Bd5 70.e6 Ba2
71.Ke5 Kg5 72.Nf6 Kg6 73.Ne4 Bb3 74.Nd6 Kg7 75.e7 Bf7 76.e8=Q  1-0

[Event "FSFMA Sept 2013"]
[Site "Budapest HUN"]
[Date "2013.09.09"]
[Round "2.5"]
[White "Mayer,I"]
[Black "Terbe,Z"]
[Result "1-0"]
[WhiteElo "2047"]
[BlackElo "1944"]

1.e4 c5 2.Nf3 Nc6 3.Nc3 e5 4.Bc4 Be7 5.Nd5 Nf6 6.d3 d6 7.a3 O-O 8.c3 a6 9.b4 b5
10.Nxf6+ Bxf6 11.Bd5 Bd7 12.g4 Rc8 13.g5 Be7 14.Rg1 g6 15.h4 Be6 16.bxc5 dxc5
17.Bxc6 Rxc6 18.Nxe5 Rc8 19.Ng4 Bxg4 20.Rxg4 c4 21.d4 f5 22.gxf6 Bxf6 23.h5 Bh4
24.Bf4 g5 25.Rxh4 gxh4 26.Qg4+ Kf7 27.Be5 Qe7 28.Kd2 Rcd8 29.Ke3 Ke8 30.f4 Rd7
31.f5 a5 32.f6 Qf7 33.Rg1 b4 34.axb4 axb4 35.cxb4 c3 36.d5 c2 37.Rc1 Rg8
38.Qe6+ Kd8 39.Rxc2 Rg1 40.Qb6+  1-0

[Event "Lake Sevan 2013"]
[Site "Martuni ARM"]
[Date "2013.09.13"]
[Round "6.4"]
[White "Andriasian,Z"]
[Black "Kuzubov,Y"]
[Result "1/2-1/2"]
[WhiteElo "2631"]
[BlackElo "2628"]

1.e4 c5 2.Nc3 Nc6 3.Bb5 Nd4 4.Bc4 a6 5.Nf3 e6 6.Nxd4 cxd4 7.Ne2 Nf6 8.d3 Bc5
9.Bg5 Qa5+ 10.Bd2 Qc7 11.Bb3 d5 12.exd5 Nxd5 13.Bxd5 exd5 14.O-O O-O 15.h3 Re8
16.Re1 Bd7 17.a3 Re6 18.Bf4 Qb6 19.b4 Bf8 20.Qd2 Rae8 21.Bg3 Ba4 22.Nf4 Rxe1+
23.Rxe1 Rxe1+ 24.Qxe1 Qc6 25.Qe5 Bxc2 26.Nxd5 Bxd3 27.Ne7+ Bxe7 28.Qxe7 h6
29.Qd8+ Kh7 30.Qxd4 Be4  1/2-1/2

[Event "Mohamed Slama Mem 2013"]
[Site "Monastir TUN"]
[Date "2013.09.13"]
[Round "7.5"]
[White "Sarwat,W"]
[Black "Amdouni,Z"]
[Result "1-0"]
[WhiteElo "2314"]
[BlackElo "2253"]

1.e4 c5 2.Nf3 Nc6 3.Nc3 e5 4.Bc4 Be7 5.d3 Nf6 6.Ng5 O-O 7.f4 d5 8.exd5 Bg4
9.Qd2 Nd4 10.fxe5 Nd7 11.O-O Nxe5 12.Kh1 h6 13.Nge4 f5 14.Ng3 Bd6 15.Nce2 Qh4
16.Nxd4 cxd4 17.Qf2 Bd1 18.Bf4 Ng4 19.Qg1 Bxf4 20.Rxf4 Bxc2 21.Nxf5 Qg5 22.d6+ Kh7
23.Raf1 b5 24.Bd5 Bxd3 25.Bxa8 Bxf1 26.Qxf1 Rxa8 27.h4 Qg6 28.Qf3 Rf8 29.Rxg4 Qxf5
30.Qxf5+ Rxf5 31.Rxd4 Rf8 32.Kh2 Rd8 33.d7 Kg6 34.Kg3 Kf6 35.Kg4 g6 36.h5 g5
37.g3 Ke6 38.b4 Ke5  1-0

[Event "TCh-CRO 2a Liga 2013"]
[Site "Bol CRO"]
[Date "2013.09.14"]
[Round "1.1"]
[White "Pikula,D"]
[Black "Stojkovic,A"]
[Result "1-0"]
[WhiteElo "2482"]
[BlackElo "2034"]

1.e4 c5 2.Nc3 Nc6 3.Bb5 Nd4 4.Bc4 e6 5.Nf3 Ne7 6.Nxd4 cxd4 7.Ne2 Nc6 8.O-O Be7
9.d3 O-O 10.a3 a6 11.Ba2 b5 12.f4 Bb7 13.Ng3 Rc8 14.f5 d5 15.Nh5 Ne5 16.Bf4 Bf6
17.Nxf6+ Qxf6 18.Bg3 Nd7 19.fxe6 Qxe6 20.Rf5 Nb6 21.Bb3 Qg6 22.Qe2 dxe4 23.Raf1 exd3
24.cxd3 Kh8 25.Bxf7 Qh6 26.Bf4 Qh4 27.Rh5  1-0

[Event "TCh-CRO Ia Liga 2013"]
[Site "Bol CRO"]
[Date "2013.09.14"]
[Round "2.5"]
[White "Biti,O"]
[Black "Cebalo,M"]
[Result "1/2-1/2"]
[WhiteElo "2383"]
[BlackElo "2427"]

1.e4 c5 2.Nc3 Nc6 3.Bb5 d6 4.Bxc6+ bxc6 5.d3 e5 6.f4 exf4 7.Bxf4 Ne7 8.Nf3 Ng6
9.Bg5 Be7 10.Bxe7 Qxe7 11.O-O O-O 12.Qd2 h6 13.Rae1 Be6 14.b3 Qc7 15.Na4 Rae8
16.Qf2 Kh7 17.Qg3 Qe7 18.Qf2 f6 19.Nh4 Ne5 20.h3 g6 21.Qg3 Rg8 22.Nb2 Ref8
23.Nf3 g5 24.Nxe5 fxe5 25.Rxf8 Rxf8 26.Rf1 Rf4 27.Nd1 Qd8 28.Qe1 Qb6 29.c4 Qb4
30.Nc3 Kg6 31.Ne2 Rxf1+ 32.Kxf1 Qxe1+ 33.Kxe1 h5 34.Kf2 h4 35.Nc3 g4 36.hxg4 Bxg4
37.Ke3 Kg5 38.Nb1 Bh5 39.Nc3 Kg4 40.Ne2 Bg6 41.Kd2 Bf7 42.Ke3 d5 43.cxd5 cxd5
44.exd5 Bxd5 45.Kf2 Bc6 46.Nc3 Kf5 47.Ne2 e4 48.d4 e3+ 49.Kxe3 Bxg2 50.dxc5 Ke5
51.Nf4 h3 52.Nxh3 Bxh3 53.Kd3 Kd5 54.b4 Bd7 55.Kc3 Ba4 56.Kb2 Kc4 57.b5 Kxc5
58.Ka3 Bd1 59.Kb2 Kc4 60.Kc1 Bg4 61.Kb2 Kb4 62.a4 Kxa4 63.Ka1 Ka3 64.Kb1 Be6
65.Ka1 Bf5 66.b6 axb6  1/2-1/2

[Event "Dnipropetrovsk A 2013"]
[Site "Dnipropetrovsk UKR"]
[Date "2013.09.15"]
[Round "1.4"]
[White "Kalinina,O"]
[Black "Orlyanskaya,D"]
[Result "1-0"]
[WhiteElo "2290"]
[BlackElo "2053"]

1.e4 c5 2.Nf3 Nc6 3.Nc3 Nf6 4.d4 cxd4 5.Nxd4 e5 6.Ndb5 d6 7.Bg5 a6 8.Na3 b5
9.Nd5 Be7 10.Bxf6 Bxf6 11.c4 b4 12.Nc2 O-O 13.g3 a5 14.h4 Be6 15.Bh3 a4 16.Bxe6 fxe6
17.Ndxb4 Nxb4 18.Nxb4 Qb6 19.Qd2 Be7 20.Nd3 Qd4 21.Qe2 Rac8 22.O-O Rxc4 23.Rfe1 Bd8
24.Rad1 Bb6 25.Kg2 Rc7 26.f3 Rfc8 27.Rc1 Rxc1 28.Nxc1 Qc4 29.Nd3 Qxa2 30.Rc1 Rc4
31.Kh3 Bd4 32.Nb4 Rxb4 33.Rc8+ Kf7 34.f4 Ke7 35.Qh5 Rb7 36.Qe8+ Kf6 37.Qd8+ Kg6
38.h5+  1-0

[Event "1st League Cent-SRB 2013"]
[Site "Kragujevac SRB"]
[Date "2013.09.15"]
[Round "2.5"]
[White "Brankovic,De"]
[Black "Zivkovic,Sava"]
[Result "1/2-1/2"]
[WhiteElo "2364"]
[BlackElo "2353"]

1.e4 c5 2.Nc3 Nc6 3.Bb5 Nd4 4.Bc4 g6 5.Nf3 Bg7 6.Nxd4 cxd4 7.Qf3 Nh6 8.d3 Qa5
9.Bxh6 Bxh6 10.Qxf7+ Kd8 11.Qd5 Qxd5 12.Nxd5 e6 13.Nf6 Bg7 14.e5 Bxf6 15.exf6 Rf8
16.O-O d5 17.Bb3 a5 18.a4 Ra6 19.g4 Rxf6 20.f4 Ke7 21.Kg2 Kd6 22.Kg3 Rc6
23.Rae1 Rc7 24.Re5  1/2-1/2

[Event "Lake Sevan 2013"]
[Site "Martuni ARM"]
[Date "2013.09.15"]
[Round "8.5"]
[White "Hovhannisyan,R"]
[Black "Kuzubov,Y"]
[Result "0-1"]
[WhiteElo "2623"]
[BlackElo "2628"]

1.e4 c5 2.Nf3 Nc6 3.Nc3 g6 4.Bb5 Bg7 5.O-O e5 6.d3 Nge7 7.Bc4 O-O 8.a3 h6
9.b4 d6 10.Rb1 Kh7 11.Re1 b6 12.Nd5 Bd7 13.c3 Nxd5 14.Bxd5 Rc8 15.Be3 Ne7
16.Bc4 f5 17.bxc5 dxc5 18.exf5 Bxf5 19.Nh4 Bd7 20.Nf3 Bc6 21.Nd2 Qe8 22.Ne4 Rd8
23.Qg4 Nf5 24.Rbd1 Bd7 25.Qe2 Ba4 26.Rd2 Kh8 27.f3 Bc6 28.Bf2 g5 29.Qd1 Qd7
30.Qb3 Qe8 31.Qa2 Ne7 32.h4 Qg6 33.hxg5 hxg5 34.Be3 Bh6 35.Nf2 Nd5 36.Ng4 Bg7
37.Bf2 Nf4 38.Nxe5 Bxe5 39.Rxe5 g4 40.Bh4 gxf3 41.g3 f2+ 42.Kf1 Qg4 43.Rxf2 Qd1+
44.Re1 Bg2+ 45.Rxg2 Nxd3+ 46.Kg1 Nxe1 47.Kh2 Nxg2 48.Bxd8 Rxd8 49.Qf2 Nf4  0-1

[Event "ch-CYP 2013"]
[Site "Nikosia/Larnaca/Limassol CYP"]
[Date "2013.09.15"]
[Round "4"]
[White "Boulos,Vrahimis"]
[Black "Theocharous,Stelios"]
[Result "1/2-1/2"]
[WhiteElo "2084"]
[BlackElo "1692"]

1.e4 c5 2.Nc3 Nc6 3.Bb5 Nf6 4.Nf3 g6 5.Bxc6 dxc6 6.h3 Bg7 7.d3 O-O 8.Be3 b6
9.Qd2 Re8 10.Ne5 Nxe4 11.Nxf7 Nxd2 12.Nxd8 Nf3+ 13.gxf3 Rxd8 14.h4 Rf8 15.Ke2 Rf5
16.Rag1 Be6 17.h5 Bxc3 18.bxc3 Bd5 19.Rg3 Raf8 20.Rhh3 R8f6 21.hxg6 Rxg6
22.Rxg6+ hxg6 23.c4 Be6 24.Rg3 Kg7 25.Bd2 Rh5 26.a4 a6 27.Rg1 b5 28.axb5 axb5
29.cxb5 cxb5 30.Rg5 Rxg5 31.Bxg5  1/2-1/2

[Event "Slama Mem Schev 2013"]
[Site "Monastir TUN"]
[Date "2013.09.16"]
[Round "1.1"]
[White "Lazic,Mir"]
[Black "Boudriga,M"]
[Result "0-1"]
[WhiteElo "2439"]
[BlackElo "2274"]

1.e4 c5 2.Nc3 Nc6 3.Bb5 Nd4 4.Bc4 g6 5.Nge2 Bg7 6.O-O e6 7.d3 Ne7 8.Nxd4 cxd4
9.Ne2 d5 10.exd5 Nxd5 11.Nf4 Nb6 12.Bb3 O-O 13.Bd2 a5 14.a4 Nd7 15.Qf3 Nc5
16.Bc4 Bd7 17.b3 Bc6 18.Qg3 e5 19.Nh3 Bd5 20.Rae1 Bxc4 21.bxc4 Nxa4 22.Rxe5 Bxe5
23.Qxe5 Re8 24.Qf4 Nc5 25.Qh6 f6 26.Nf4 Qe7 27.Nd5 Qe5 28.g3 Nd7 29.f4 Qh5
30.Qxh5 gxh5 31.Rb1 Ra7 32.Kf2 Kf7 33.Ra1 b6 34.Kf3 f5 35.c3 Nc5 36.cxd4 Nb3
37.Rd1 Nxd4+  0-1

[Event "TCh-CRO Ia Liga 2013"]
[Site "Bol CRO"]
[Date "2013.09.17"]
[Round "4.4"]
[White "Biti,O"]
[Black "Jankovic,A"]
[Result "1/2-1/2"]
[WhiteElo "2383"]
[BlackElo "2562"]

1.e4 c5 2.Nc3 Nc6 3.Bb5 Nd4 4.Bc4 a6 5.a4 g6 6.Nge2 Bg7 7.O-O e6 8.Nxd4 cxd4
9.Ne2 Ne7 10.c3 Nc6 11.Nxd4 Nxd4 12.cxd4 Bxd4 13.Qb3 b6 14.Qg3 Bb7 15.d3 O-O
16.Bg5 Bf6 17.Bxf6 Qxf6 18.Qc7 Bc6 19.Qxb6 Rfb8 20.Qc5 Rxb2 21.a5 Qc3 22.Rac1 Qd2
23.Rcd1 Qb4 24.Qxb4 Rxb4 25.Rb1 Rab8 26.Rxb4 Rxb4 27.Bxa6 Ra4 28.h3 Rxa5
29.Bc4 Ra3 30.Rc1 g5 31.f3 d5 32.Bxd5 Bxd5 33.exd5 exd5 34.Rd1 d4 35.h4 gxh4
36.Kh2 Kg7 37.Kh3 Ra2 38.Re1 Rd2 39.Re4 Rxd3 40.Kxh4 Rd2 41.g4 d3 42.Kg3 Kf6
43.Kf4 Re2 44.Rd4 d2 45.Rd6+ Kg7 46.Kg3 f6 47.f4 Kf7  1/2-1/2

[Event "1st League Cent-SRB 2013"]
[Site "Kragujevac SRB"]
[Date "2013.09.18"]
[Round "6.6"]
[White "Ignjatovic,P"]
[Black "Kijanovic,Igor"]
[Result "1/2-1/2"]
[WhiteElo "2290"]
[BlackElo "2004"]

1.e4 c5 2.Nc3 Nc6 3.Nge2 g6 4.d4 cxd4 5.Nxd4 Bg7 6.Be3 d6 7.g3 Bd7 8.Bg2 Nf6
9.h3 O-O 10.O-O Ne5 11.b3 Qc8 12.Qd2 Bxh3 13.f3 Nc6 14.Rac1 Rd8 15.Nd5 Nxd5
16.exd5 Nxd4 17.Bxd4 Bxd4+ 18.Qxd4 Bxg2 19.Kxg2 e5 20.dxe6 fxe6 21.Rfe1 Qd7
22.Rcd1 d5 23.Re2 Qc6 24.Rde1 Rd6 25.Rh1 a6 26.Rhe1 b5 27.g4 Qd7 28.Rd1 Rc8
29.Rdd2 Rdc6 30.a4 Qg7 31.Qb4 Qf8 32.Qd4 Rc3 33.Re3 Rxe3 34.Qxe3 Qd6 35.axb5 axb5
36.Re2 Rc6 37.Qd4 Qc7 38.Qf6 Qc8 39.Kg3 Qf8 40.Qd4 b4 41.Qe3 Qd6+ 42.Kg2 d4
43.Qe4 Kf7 44.Rd2 e5 45.Re2 Rc5 46.Qa8 Kg7 47.Qb7+ Rc7 48.Qe4 Re7 49.f4 Rd7
50.fxe5 Qd5 51.e6 Qxe4+ 52.Rxe4 Re7 53.Kf3 Kf6 54.Rxd4 Rb7 55.Re4 Ke7 56.Ke3 h5
57.gxh5 gxh5 58.Re5 h4 59.Rh5 Kxe6 60.Rxh4 Kd5  1/2-1/2

[Event "1st League Cent-SRB 2013"]
[Site "Kragujevac SRB"]
[Date "2013.09.18"]
[Round "7.4"]
[White "Marinkovic,I"]
[Black "Jesic,D"]
[Result "1-0"]
[WhiteElo "2448"]
[BlackElo "2357"]

1.e4 c5 2.Nc3 Nc6 3.Nge2 e5 4.Nd5 g6 5.Nec3 a6 6.h4 h6 7.h5 g5 8.a4 d6 9.Bc4 Be6
10.d3 Nd4 11.Ne3 Nf6 12.Ncd5 Nxd5 13.Bxd5 Qd7 14.Bd2 Be7 15.c3 Nc6 16.c4 Bd8
17.a5 O-O 18.Bc3 Rb8 19.O-O Ne7 20.g4 Qe8 21.Qf3 Nc6 22.Rfb1 Nd4 23.Qd1 b6
24.axb6 Rxb6 25.b4 Bc7 26.Kg2 Qd7 27.bxc5 dxc5 28.Rxb6 Bxb6 29.Rxa6 Rb8 30.Nf5 Kh7
31.Qa4 Qxa4 32.Rxa4 Ne2 33.Bd2 Bxf5 34.exf5 Nf4+ 35.Bxf4 exf4 36.Bxf7 Kg7
37.Bd5 Kf6 38.Ra2 Bc7 39.Ra7 Bd6 40.Ra6 Rd8 41.d4 Ke7 42.dxc5 Bxc5 43.Rxh6 Bd4
44.Re6+  1-0

[Event "TCh-CRO 2a Liga 2013"]
[Site "Bol CRO"]
[Date "2013.09.19"]
[Round "6.2"]
[White "Sprenger,J"]
[Black "Kovacevic,A"]
[Result "1/2-1/2"]
[WhiteElo "2497"]
[BlackElo "2564"]

1.e4 c5 2.Nc3 Nc6 3.Nf3 g6 4.d4 cxd4 5.Nxd4 Bg7 6.Nde2 Nf6 7.g3 O-O 8.Bg2 Rb8
9.a4 a6 10.O-O b5 11.axb5 axb5 12.Nd5 d6 13.Bg5 Nd7 14.c3 h6 15.Be3 e6 16.Ndf4 Nde5
17.Nd4 Bd7 18.Nxc6 Bxc6 19.Bd4 b4 20.Re1 bxc3 21.Bxc3 Qd7 22.Nd3 Nxd3 23.Qxd3 Bxc3
24.Qxc3 Qb7  1/2-1/2

[Event "XV Villa Martelli ITT"]
[Site "Villa Martelli ARG"]
[Date "2013.09.19"]
[Round "5.4"]
[White "Madina Yadarola,M1"]
[Black "Bulcourf,C"]
[Result "1-0"]
[WhiteElo "2273"]
[BlackElo "2056"]

1.e4 c5 2.Nc3 Nc6 3.Nf3 Nd4 4.d3 e6 5.g3 g6 6.Bg2 Bg7 7.O-O Ne7 8.Ne2 O-O
9.Nf4 f5 10.exf5 Nexf5 11.c3 Nxf3+ 12.Bxf3 Rb8 13.a4 b6 14.Re1 Qc7 15.Ng2 Bh6
16.Bxh6 Nxh6 17.Ne3 Nf7 18.d4 Ng5 19.Bg2 Bb7 20.d5 Nf7 21.Qd2 e5 22.c4 d6
23.Rf1 Qe7 24.Rae1 Rbe8 25.Nd1 Qg5 26.Qxg5 Nxg5 27.h4 Nf3+ 28.Bxf3 Rxf3 29.Re3 Rf6
30.Nc3 Rd8 31.a5 Ba6 32.b3 Rff8 33.axb6 axb6 34.Ra1 Bc8 35.Ra7 Bf5 36.Nb5 Rf7
37.Ra6 Rb7 38.Re2 Kf8 39.Rea2 Bb1 40.R2a3 Bc2 41.f3 Ke7 42.Kf2 Bd1 43.Nc3 Bc2
44.Ke3 h5 45.Kd2 Bf5 46.Nb5 Bd7 47.Nc3 b5 48.Ra7 bxc4 49.Rxb7  1-0

[Event "Baku Open 2013"]
[Site "Baku AZE"]
[Date "2013.09.20"]
[Round "2.3"]
[White "Mamedov,Rau"]
[Black "Abasov,N"]
[Result "1/2-1/2"]
[WhiteElo "2641"]
[BlackElo "2492"]

1.e4 c5 2.Nc3 Nc6 3.Bb5 Nd4 4.Nf3 Nxb5 5.Nxb5 d6 6.d4 Nf6 7.Nc3 cxd4 8.Qxd4 e5
9.Qd3 h6 10.O-O Be7 11.Nd2 Be6 12.Nc4 Rc8 13.Ne3 O-O 14.Bd2 Qb6 15.b3 Qd4
16.Rac1 Rfd8 17.Rfd1 Kf8 18.Be1 Qxd3 19.Rxd3 a6 20.f3 b5 21.Rcd1 Ne8 22.h4 g6
23.a4 Nc7 24.g3 f5 25.axb5 axb5 26.Ra1  1/2-1/2

[Event "TCh-CRO Ia Liga 2013"]
[Site "Bol CRO"]
[Date "2013.09.20"]
[Round "7.2"]
[White "Plenca,J"]
[Black "Brumen,D"]
[Result "1-0"]
[WhiteElo "2345"]
[BlackElo "2376"]

1.e4 c5 2.Nf3 Nc6 3.Nc3 d6 4.d4 cxd4 5.Nxd4 e5 6.Nde2 Nf6 7.g3 Be7 8.Bg2 O-O
9.O-O Bg4 10.h3 Bh5 11.g4 Bg6 12.Ng3 Ne8 13.Nd5 Bh4 14.Be3 Ne7 15.Nc3 Nc7
16.Qd2 b5 17.Rad1 Nc8 18.Nf5 Bxf5 19.exf5 Rb8 20.f4 b4 21.Ne2 Nb6 22.b3 exf4
23.Bxf4 Be7 24.Nd4 d5 25.Nc6 Qd7 26.Nxb8 Rxb8 27.g5 Rd8 28.Qd3 Bc5+ 29.Kh1 d4
30.g6 Nbd5 31.gxh7+ Kh8 32.f6 Nxf6 33.Be5 Nxh7 34.Rf4 Qe7 35.Bxc7 Qxc7 36.Rdf1 Rf8
37.Qc4 Ng5 38.Rxd4 Ne6 39.Re4 Bd6 40.Qxc7 Nxc7 41.Rd1 Bc5 42.Rd7 Ne6 43.Rh4+ Kg8
44.Bd5 a5 45.Rc4 Be3 46.Re4 Bh6 47.Bxe6 fxe6 48.Rxe6 Rf1+ 49.Kg2 Ra1 50.Ra7 Rxa2
51.Rc6 Bd2 52.Re6 Bc3 53.Re2 Bd4 54.Ra8+ Kf7 55.Kf3 Ra1 56.Ke4 Bf6 57.Kd3 Kg6
58.Rg2+ Kf5 59.Kc4 Kf4 60.Rg4+ Kf3 61.Rf8 Ke3 62.Re8+ Kf3 63.Rf8 Ke3 64.Rg3+ Ke4
65.Kb5 Ra2 66.Rc8 Bc3 67.Rc4+ Kf5 68.Rg2 Ra1 69.h4 Ra2 70.Rg5+ Kf6 71.Rc6+ Kf7
72.Rg2 Ra1 73.h5 Bd4 74.h6 gxh6 75.Rxh6 a4 76.bxa4 Bc3 77.Ra6 Ra2 78.Kc4 Ra1
79.Rf2+ Ke7 80.Rh2 Kf8 81.Rh7 Kg8 82.Rb7  1-0

[Event "TCh-CRO Ia Liga 2013"]
[Site "Bol CRO"]
[Date "2013.09.20"]
[Round "7.5"]
[White "Jovanovic,Zo CRO"]
[Black "Mrdja,M"]
[Result "1-0"]
[WhiteElo "2529"]
[BlackElo "2370"]

1.e4 c5 2.Nc3 Nc6 3.Nf3 e5 4.Bc4 d6 5.d3 h6 6.Nd2 Nf6 7.Nf1 Be6 8.Ne3 Be7
9.O-O O-O 10.Ned5 Nd4 11.a4 Rb8 12.f4 exf4 13.Bxf4 a6 14.a5 Nxd5 15.Nxd5 Bg5
16.Qd2 Bxd5 17.Bxd5 Qe7 18.Bxg5 hxg5 19.Rf2 Ne6 20.g3 g6 21.b4 Nc7 22.Bc4 d5
23.exd5 cxb4 24.Re1 Qd6 25.Qxg5 Rbe8 26.Rxe8 Nxe8 27.Kg2 Kg7 28.Qf4 b5 29.Bb3 f6
30.Re2 Qxf4  1-0